Histoire en images - K - Statistiques

Statistiques générales
  • Ce quiz a été pris 157 fois
  • Le résultat moyen est 13 sur 18
Statistiques - réponses
Par images Hint Réponse % Correct
Homme d'État John F. Kennedy
99%
Pasteur / Militant Martin Luther King
97%
Pyramide Pyramide de Khéops
95%
Créature fictive King Kong
94%
Service de renseignement KGB
89%
Artiste Frida Kahlo
88%
Sabre Katana
81%
Pays Koweit
78%
Créature mythique Kraken
78%
Titre militaire mongol Khan
72%
Mouvement politique et militaire {Khmers} rouges
68%
Forteresse Kremlin
68%
Ancienne capitale Kyoto
64%
Homme d'État Kim Jong-il
53%
Homme d'État et religieux Rouhollah Khomeini
51%
Actrice / Princesse Grace Kelly
49%
Titre Kaiser
46%
Guerre de 1998-1999 Guerre du Kosovo
42%
Aucun quiz correspondant
Distribution des résultats
% des personnes avec chaque résultat
Percentile par nombre de réponses
Votre historique - résultats
Vous n’avez pas pris ce quiz